Every States All-Time Leading Scorer - Statistics

General Stats
  • This quiz has been taken 8 times
  • The average score is 11 of 49
Answer Stats
State Points Player % Correct
OH 40474 LeBron James
100%
NY 38387 Kareem Abdul-Jabbar
88%
PA 33643 Kobe Bryant
88%
LA 36928 Karl Malone
63%
VA 27409 Moses Malone
63%
WY 5822 James Johnson
50%
AR 20407 Joe Johnson
50%
MN 17335 Kevin McHale
50%
IN 21791 Larry Bird
50%
NJ 28596 Shaquille O'Neal
50%
AL 23757 Charles Barkley
38%
ME 3981 Duncan Robinson
38%
MI 20708 George Gervin
38%
WV 25192 Jerry West
38%
SC 26071 Kevin Garnett
38%
FL 25728 Vince Carter
38%
OK 14513 Blake Griffin
25%
IL 23165 Dwyane Wade
25%
WA 19711 John Stockton
25%
SD 10973 Mike Miller
25%
TN 26710 Oscar Robertson
25%
MT 5428 Phil Jackson
25%
NV 9912 Ricky Davis
25%
NE 12964 Bob Boozer
13%
CO 15802 Chauncey Billups
13%
MS 18831 Chet Walker
13%
NC 22288 Chris Paul
13%
GA 19485 Dwight Howard
13%
TX 20558 LaMarcus Aldridge
13%
CA 26397 Paul Pierce
13%
KS 13910 Alvan Adams
0%
NM 11012 Bill Bridges
0%
MA 13790 Bill Laimbeer
0%
MO 16355 Bradley Beal
0%
CT 17949 Calvin Murphy
0%
HI 8693 Cedric Ceballos
0%
KY 14870 Cliff Hagan
0%
ND 5851 Doug McDermott
0%
IA 12796 Harrison Barnes
0%
WI 16712 Latrell Spreewell
0%
ID 1779 Luke Ridnour
0%
AK 5743 Mario Chalmers
0%
RI 5034 Marvin Barnes
0%
NH 1307 Matt Bonner
0%
OR 12507 Mike Newlin
0%
MD 15635 Sam Cassell
0%
AZ 10544 Sean Elliott
0%
UT 20049 Tom Chambers
0%
DE 9087 Walt Hazzard
0%
No matching quizzes found
Score Distribution
Percent of People with Each Score
Percentile by Number Answered
Your Score History
You have not taken this quiz